Visualizzazione normale
Vista MARC
- René Laurentin
di Personal Name
Records bibliografici associati: 1
001 - CONTROL NUMBER
- control field: 13245
003 - CONTROL NUMBER IDENTIFIER
- control field: IT-RoPau
005 - DATE AND TIME OF LATEST TRANSACTION
- control field: 20140213084947.0
008 - FIXED-LENGTH DATA ELEMENTS
- fixed length control field: 140213|| aca||aabn | a|a d
040 ## - CATALOGING SOURCE
- Original cataloging agency: IT-RoPau
- Transcribing agency: IT-RoPau
100 ## - HEADING--PERSONAL NAME
- Personal name: René Laurentin
670 ## - SOURCE DATA FOUND
- Source citation: Work cat.: (IT-RoPau)4440: René Laurentin, La Chiesa oltre la crisi